000
00281nam a2200121Ia 4500
008
190905s9999||||xx |||||||||||||| ||und||
100
_a
Donald S.Tull
245
0
_a
Marketing Resrarch
250
_a
6th
260
_a
New Delhi
_b
Mc Graw Hill
_c
1999
300
_a
953
942
_c
BK
999
_c
5883
_d
5883